00337nam a2200157Ia 4500008004100000041000800041100001100049245001800060260002300078300000800101365001300109500000900122520001900131650001000150999001900160230605s2004 xx 000 0 und d aeng akocher asimple indian bQuantum pub c2004 a160 b1460h10 a2096 aReference Copy aF. P. c419226d419226